000 01200nam a2200229Ia 4500
001 L195-1910
003 IT-CnALBA
008 170116s9999||||xx |||||||||||||| ||und||
040 _aIT-CnALBA
_cIT-CnALBA
041 _aITALIANO
100 _aEVOLA J.
245 0 _aRIVOLTA CONTRO IL MONDO MODERNO.
250 _a1a ed.
260 _aMILANO
_bHOEPLI ULRICO EDITORE
_c1934 [1° Ed.:1934 - Ed.Ling.Originale: 1934]
300 _a496 p. (prefazione: 7)
500 _aMONDO TRADIZIONALE. IL PRINCIPIO. LA DIVINITÀ REGALE. LA LEGGE E LO STATO. CARATTERE PRIMORDIALE DEL PATRIZIATO. LE DUE VIE DEL POST MORTEM. VITA E MORTE DELLA CIVILTÀ. RAPPORTO TRA RE E SACERDOTE. L'ANIMA DELLA CAVALLERIA. CORPORAZIONI. METAFISICA DELLA
501 _aSocietà San Paolo EM - Piazza San Paolo, 14 - 12051 ALBA (CN) (non commercial uses only) ® Copyright 2017
520 _aMONDO TRADIZIONALE. IL PRINCIPIO. LA DIVINITÀ REGALE. LA LEGGE E LO STATO. CARATTERE PRIMORDIALE DEL PATRIZIATO. LE DUE VIE DEL POST MORTEM. VITA E MORTE DELLA CIVILTÀ. RAPPORTO TRA RE E SACERDOTE. L'ANIMA DELLA CAVALLERIA. CORPORAZIONI. METAFISICA DELLA
650 _aFILOSOFIA ITALIANA
942 _cBK
957 _71
999 _a2890
_bSI
_g Copie: 1
_c261127
_d261127